O reino secreto dos animais (Registo nº 3817)
[ vista simples ]
| 000 -Etiqueta do registo | |
|---|---|
| Cabeçalho | 00651nam0a2200217 4500 |
| 005 - Identificador da versão | |
| Campo de controlo | 20240902115436.0 |
| 100 ## - Dados gerais de processamento | |
| Dados gerais de processamento | 20170317d1981 a y0pory5003 ba |
| 101 1# - Língua de publicação | |
| Língua do texto, banda sonora, etc. | Português |
| Língua do documento no original | Holandês |
| 102 ## - Pais de publicação ou produção | |
| País de publicação | Portugal |
| 200 1# - Titulo e menção de responsabilidade | |
| Título próprio | O reino secreto dos animais |
| Primeira menção de responsabilidade | Piet Wijn, Thom Roep |
| 210 ## - Publicação, Distribuição, etc. | |
| Lugar da edição, distribuição, etc. | Lisboa |
| Nome do editor, distribuidor, etc. | Amigos do Livro |
| Data da publicação, distribuição, etc. | cop. 1981 |
| 215 ## - Descrição física | |
| Indicação específica da natureza do documento e extensão da espécie | 48 p. |
| Outras indicações físicas | todo il. color. |
| Dimensões | 29 cm |
| 225 1# - Colecção | |
| Título próprio da colecção | As aventuras de Danny Doodle |
| 606 ## - Nome comum usado como assunto | |
| Número de registo de entrada de autoridade | 0001802 |
| Palavra de ordem | Literatura holandesa |
| Subdivisão de assunto | Banda desenhada |
| Código do sistema | CA |
| 675 ## - Classificação Decimal Universal (CDU) | |
| Notação | 821.112.5(084.11) |
| Edição | 3ª ed. |
| Língua da edição | por |
| 700 #1 - Nome de autor-pessoa física (responsabilidade principal) | |
| Número de registo de entrada de autoridade | 0001803 |
| Palavra de ordem | Wijn |
| Outra parte do nome não tomada para palavra de ordem | Piet |
| Elementos de identificação ou distinção | e outro |
| 701 #1 - Nome de autor-pessoa física (co-responsabilidade principal) | |
| Palavra de ordem | Roep |
| Outra parte do nome não tomada para palavra de ordem | Thom |
| Elementos de identificação ou distinção | e outro |
| Código de função | Autor / Co-autor |
| 942 ## - Elementos de entrada adicionados (Koha) | |
| Tipo de item no Koha | Livro |
| 966 ## - Identificação da Biblioteca | |
| Sigla | EBVEN |
| Situação do levantamento | Origin of item (home branch) (coded) | Biblioteca de empréstimo | Código de barras | Cota | Circulation type (not for loan) | Tipo de documento | Nota do exemplar | Damaged status |
|---|---|---|---|---|---|---|---|---|
| Biblioteca Escolar das Vendas | Biblioteca Escolar das Vendas | BEV598 | 8BD WIJ | Livro | Sem mensagem |
